Introduction to econometrics (Record no. 28368)

MARC details
000 -LEADER
fixed length control field 00536nam a22001937a 4500
003 - CONTROL NUMBER IDENTIFIER
control field OSt
005 - DATE AND TIME OF LATEST TRANSACTION
control field 20250226153712.0
008 - FIXED-LENGTH DATA ELEMENTS--GENERAL INFORMATION
fixed length control field 230220b |||||||| |||| 00| 0 eng d
020 ## - INTERNATIONAL STANDARD BOOK NUMBER
International Standard Book Number 9789352863501
082 ## - DEWEY DECIMAL CLASSIFICATION NUMBER
Classification number 330.015195
Item number ST6I
100 ## - MAIN ENTRY--PERSONAL NAME
Personal name Stock, James H.
245 ## - TITLE STATEMENT
Title Introduction to econometrics
Statement of responsibility, etc by James H. Stock, and Mark W. Watson
250 ## - EDITION STATEMENT
Edition statement 3rd ed.
260 ## - PUBLICATION, DISTRIBUTION, ETC. (IMPRINT)
Place of publication, distribution, etc Noida, U.P.
Name of publisher, distributor, etc Pearson India Education
Date of publication, distribution, etc 2024
300 ## - PHYSICAL DESCRIPTION
Extent 836p.
Other physical details PB
653 ## - INDEX TERM--UNCONTROLLED
Uncontrolled term Econometrics
700 ## - ADDED ENTRY--PERSONAL NAME
Personal name Watson, Mark W.
Relator term Author
942 ## - ADDED ENTRY ELEMENTS (KOHA)
Source of classification or shelving scheme Dewey Decimal Classification
Koha item type Books
Holdings
Withdrawn status Lost status Source of classification or shelving scheme Damaged status Not for loan Collection code Home library Current library Date acquired Source of acquisition Cost, normal purchase price Total Checkouts Full call number Barcode Date last seen Date checked out Price effective from Koha item type
    Dewey Decimal Classification     General Text Book Central University Of Rajasthan Central University Of Rajasthan 26/02/2025 ECO 1000.00 1 330.015195 ST6I 045302 28/11/2025 21/11/2025 26/02/2025 Books
    Dewey Decimal Classification     General Text Book Central University Of Rajasthan Central University Of Rajasthan 26/02/2025 ECO 1000.00   330.015195 ST6I 045303 26/02/2025   26/02/2025 Books